World eagle

Bibliographic Details
Format: Electronic Journal
Language:English
Published: Wellesley, Mass., World Eagle, Inc.
Subjects:
Online Access:Full text available from Research Library: 11/01/1998 to 06/30/2000

MARC

LEADER 00000nas a2200000 4500
001 ssj0008277
003 WaSeSS
005 20200512172242.0
006 m d
007 cr n
008 790807d197u2000maumr p s 0 a0eng d
010 |a sn 79007241  
022 |l 0193-7871  |y 0193-7871 
032 |a 390990  |b USPS 
035 |a (WaSeSS)ssj0008277 
037 |b World Eagle, Inc., 64 Washburn Ave., Wellesley MA 02181 
040 |a NSD  |b eng  |c NSD  |d EBZ  |d OCL  |d OCLCQ  |d TXI  |d OCLCO  |d OCLCF  |d OCLCO  |d OCLCQ  |d WaSeSS 
042 |a nsdp 
050 4 |a H1  |b .W67 
222 0 |a World eagle 
245 0 0 |a World eagle  |h [electronic resource]. 
260 |a Wellesley, Mass.,  |b World Eagle, Inc. 
310 |a Monthly (except July-Aug.) 
362 1 |a Ceased with June 2000. 
506 |a License restrictions may limit access. 
650 0 |a Social sciences  |v Periodicals. 
650 7 |a Social sciences.  |2 fast  |0 (OCoLC)fst01122877 
655 0 |a Electronic journals. 
856 4 0 |z Full text available from Research Library: 11/01/1998 to 06/30/2000  |u https://search.proquest.com/publication/11081